Guía de estados financieros 2020-2021 /

Guía que constituye una herramienta de apoyo para los preparadores de estados financieros en México; se propone coadyuvar a mejorar en entendimiento y la aplicación de las Normas de Información Financiera, especialmente en materia de presentación y revelaciones. Esta publicación, aunque se realiza a...

Πλήρης περιγραφή

Αποθηκεύτηκε σε:
Λεπτομέρειες βιβλιογραφικής εγγραφής
Συγγραφή απο Οργανισμό/Αρχή: Consejo Mexicano de Normas de Información Financiera
Άλλοι συγγραφείς: San Martín López, Norma Berenice (coordinación editrial) (coordinación editrial)
Μορφή: Βιβλίο
Γλώσσα:Ισπανικά
Έκδοση: México : Instituto Mexicano de Contadores Públicos : Consejo Mexicano de Normas de Información Financiera, 2021, c2021
Θέματα:
Διαθέσιμο Online:Ver documento en línea
Ετικέτες: Προσθήκη ετικέτας
Δεν υπάρχουν, Καταχωρήστε ετικέτα πρώτοι!

MARC

LEADER 00000nam^a2200000^a^4500
001 000432054
005 20251023000000.0
009 20260310123005.623
020 |a 978-607-563-116-5 
037 |a Acervo ITESO - Biblioteca 
041 |a ESP 
082 |a 614. 581  |b NOR 
110 |a Consejo Mexicano de Normas de Información Financiera 
240 1 1 |a [Normas de información financiera NIF] 
245 1 0 |a Guía de estados financieros 2020-2021 /  |c Coord. editorial de N.B. San Martín López. 
264 4 |a México :  |b Instituto Mexicano de Contadores Públicos :  |b Consejo Mexicano de Normas de Información Financiera,  |c 2021, c2021 
264 2 |a Cartagena, España :  |b Odilo [distribución],  |c 2021 
300 |a 1 libro electrónico en línea (1 v. sin paginación) 
300 |a 1 recurso en línea 
336 |a datos para computadora  |b cod  |2 rdacontenido 
337 |a computadora  |b c  |2 rdamedio 
338 |a recurso en línea  |b cr  |2 rdasoporte 
506 1 |a 1 licencia 
520 |a Guía que constituye una herramienta de apoyo para los preparadores de estados financieros en México; se propone coadyuvar a mejorar en entendimiento y la aplicación de las Normas de Información Financiera, especialmente en materia de presentación y revelaciones. Esta publicación, aunque se realiza anualmente, en esta ocasión adquiere una relevancia particular toda vez que las medidas tomadas para contener la pandemia de Covid-19 afectaron en gran medida la actividad económica y, por lo tanto, se deben considerar las implicaciones en la información financiera. 
521 |a Odilo 2021 DIA 
649 |a XX 
650 |a COVID-19 -  |x Tema Principal 
650 |a Coronavirus (Familia) 
650 |a Virus 
650 |a Enfermedades Virales 
650 |a Enfermedades Infecciosas 
650 |a Pandemias 
650 |a Epidemias 
650 |a Crisis Económica 
650 |a Información Financiera -  |z México -  |x Tema Principal 
650 |a Normalización y Certificación -  |z México 
650 |a Contabilidad Financiera -  |z México 
650 |a Contabilidad -  |z México 
650 |a Finanzas -  |z México 
650 |a Ciencias Administrativas 
700 |a San Martín López, Norma Berenice  |e (coordinación editrial) 
856 4 0 |u https://iteso-odilotk-es.ezproxy.iteso.mx/info/02101708  |y Ver documento en línea 
910 |a Fondo General 
920 |a Electrónicos - Libros en Línea 
930 |a Plataforma Digital 
905 |a 205 
901 |a 432054-1  |b IT2  |c EBO  |i C  |u 20250521 
902 |a https://opac.biblio.iteso.mx/vufind/Record/000432054